Has job stability declined yet? (Registro nro. 33551)
[ vista simple ]
| 000 -LEADER | |
|---|---|
| fixed length control field | 00427 a2200133 4500 |
| 001 - CONTROL NUMBER | |
| control field | ART_44864 |
| 005 - DATE AND TIME OF LATEST TRANSACTION | |
| control field | 20260410162026.0 |
| 008 - FIXED-LENGTH DATA ELEMENTS--GENERAL INFORMATION | |
| fixed length control field | 260409a |
| 100 1# - MAIN ENTRY--PERSONAL NAME | |
| Personal name | Neumark, David |
| 245 10 - TITLE STATEMENT | |
| Title | Has job stability declined yet? |
| 700 1# - ADDED ENTRY--PERSONAL NAME | |
| Personal name | Polsky, Daniel |
| 700 1# - ADDED ENTRY--PERSONAL NAME | |
| Personal name | Hansen, Daniel |
| 773 0# - HOST ITEM ENTRY | |
| Title | Journal of labor economics |
| Related parts | Changes in job stability and job escurity - Vol. 17, Nº 4/2 (oct. 1999) |
| Record control number | REV43438 |
No hay ítems disponibles.